[Event "MARIENBAD OPEN 2019 - C - FIDE open"]
[Site "Polonia hotel, Marianske Lazne"]
[Date "2019.01.20"]
[Round "2"]
[White "Nemec, Pavel"]
[Black "Danko, Jiri"]
[Result "1-0"]
[WhiteElo "2232"]
[BlackElo "1911"]
[PlyCount "95"]
[EventDate "2019.01.19"]

1. e4 e5 2. Nf3 Nc6 3. Bb5 Nf6 4. Bxc6 dxc6 5. d3 Bg4 6. h3 Bxf3 7. Qxf3 Qd7 8.
Bg5 Qe6 9. O-O h6 10. Bxf6 gxf6 11. Nc3 Rg8 12. Ne2 O-O-O 13. Ng3 Bc5 14. Nh5
Rg6 15. g4 Rdg8 16. Kh1 Be7 17. Rg1 b6 18. Qe2 Rg5 19. Kh2 Bd6 20. Ng3 Kb7 21.
a3 Rd8 22. Nf5 Rh8 23. h4 Rgg8 24. h5 Rd8 25. Qd2 Bf8 26. Kh3 c5 27. b4 c4 28.
Qc3 cxd3 29. cxd3 Qd7 30. Rgd1 c5 31. Qc4 b5 32. Qb3 Qe6 33. Qb2 cxb4 34. axb4
Qb6 35. Ra3 Bd6 36. Rda1 Bb8 37. Kg2 Rd7 38. Qd2 Qc6 39. Qe3 Qb6 40. Qc1 Rc7
41. Qd2 Qc6 42. Nxh6 f5 43. Nxf5 Rd8 44. Qe3 Qc2 45. Rxa7+ Bxa7 46. Qxa7+ Kc8
47. Qa8+ Kd7 48. Qd5+ 1-0

[Event "MARIENBAD OPEN 2019 - C - FIDE open"]
[Site "Polonia hotel, Marianske Lazne"]
[Date "2019.01.20"]
[Round "2"]
[White "Bartonicek, Zdenek"]
[Black "Simet, Martin"]
[Result "1/2-1/2"]
[WhiteElo "1950"]
[BlackElo "2223"]
[PlyCount "101"]
[EventDate "2019.01.19"]

1. e4 d6 2. d4 Nf6 3. Nc3 e5 4. dxe5 dxe5 5. Qxd8+ Kxd8 6. Bg5 Bd6 7. O-O-O Ke8
8. f3 a6 9. Bc4 Be6 10. Nd5 Nbd7 11. Ne2 h6 12. Be3 Rd8 13. g4 c6 14. Nxf6+
Nxf6 15. Bxe6 fxe6 16. Bb6 Rd7 17. h4 Be7 18. Be3 Rxd1+ 19. Rxd1 Nd7 20. h5 Rf8
21. Ng1 Nf6 22. Kd2 Kd7 23. Ke2+ Kc7 24. Nh3 b5 25. Nf2 Nd7 26. Nh3 Nf6 27. Nf2
Bd6 28. Nd3 Nd7 29. Rg1 c5 30. g5 c4 31. Nf2 hxg5 32. Rxg5 Rh8 33. Ng4 Rh7 34.
Rg6 Rxh5 35. Rxg7 Rh8 36. Nf6 Rd8 37. Bb6+ Kxb6 38. Rxd7 Rxd7 39. Nxd7+ Kc7 40.
Nf6 Be7 41. Ng4 Kd6 42. c3 Bg5 43. Kd1 Bf4 44. b3 cxb3 45. axb3 a5 46. Kc2 a4
47. b4 Bg3 48. Ne3 Bf2 49. Ng4 Be1 50. Kb2 Bg3 51. Ne3 1/2-1/2

[Event "MARIENBAD OPEN 2019 - C - FIDE open"]
[Site "Polonia hotel, Marianske Lazne"]
[Date "2019.01.20"]
[Round "2"]
[White "Svanda, Ondrej"]
[Black "Vishwa, Vasnawala"]
[Result "1-0"]
[WhiteElo "2215"]
[BlackElo "1882"]
[PlyCount "71"]
[EventDate "2019.01.19"]

1. c4 c5 2. Nc3 g6 3. g3 Bg7 4. Bg2 Nc6 5. Nf3 Nh6 6. O-O O-O 7. a3 d6 8. Rb1
b6 9. d4 Bb7 10. Bxh6 Bxh6 11. e3 Rb8 12. Qd3 Bg7 13. b4 cxd4 14. exd4 Qd7 15.
Rfe1 Rfe8 16. Rbd1 Rbc8 17. Qc2 Nd8 18. Qb3 Ba6 19. c5 bxc5 20. dxc5 Bxc3 21.
Qxc3 Qc7 22. Rc1 dxc5 23. bxc5 Nb7 24. c6 Na5 25. Ne5 Rb8 26. Qf3 f5 27. Nd7
Rbd8 28. Qd5+ Kg7 29. Qd4+ e5 30. Rxe5 Rxe5 31. Qxe5+ Qxe5 32. Nxe5 Rc8 33. Bd5
Nb7 34. c7 Kf6 35. f4 Ke7 36. Rc6 1-0

[Event "MARIENBAD OPEN 2019 - C - FIDE open"]
[Site "Polonia hotel, Marianske Lazne"]
[Date "2019.01.20"]
[Round "2"]
[White "Pawicka, Magdalena"]
[Black "Meers, Hubert"]
[Result "1-0"]
[WhiteElo "1709"]
[BlackElo "2009"]
[PlyCount "69"]
[EventDate "2019.01.19"]

1. e4 c5 2. Nf3 Nc6 3. d4 cxd4 4. Nxd4 Nf6 5. Nc3 d6 6. Bg5 e6 7. Qd2 a6 8.
O-O-O Bd7 9. Kb1 h6 10. Bxf6 Qxf6 11. Nb3 Qd8 12. f4 Be7 13. g4 b5 14. f5 Ne5
15. h3 b4 16. Ne2 Nc4 17. Qe1 Ne3 18. Rd3 Nxf1 19. Rxf1 a5 20. fxe6 Bxe6 21. e5
a4 22. Nd2 Qc8 23. exd6 b3 24. Rc3 bxa2+ 25. Ka1 Qb7 26. Rc7 Qxb2+ 27. Kxb2
Bxd6 28. Nd4 Rb8+ 29. Ka1 Bxc7 30. Nxe6 fxe6 31. Qxe6+ Kd8 32. Nc4 Rb1+ 33.
Rxb1 axb1=B 34. Kxb1 Re8 35. Qd5+ 1-0

[Event "MARIENBAD OPEN 2019 - C - FIDE open"]
[Site "Polonia hotel, Marianske Lazne"]
[Date "2019.01.20"]
[Round "2"]
[White "Dylag, Emilia"]
[Black "Kantor, Roman"]
[Result "1-0"]
[WhiteElo "2002"]
[BlackElo "1254"]
[PlyCount "39"]
[EventDate "2019.01.19"]

1. d4 d5 2. c4 e6 3. Nc3 c6 4. e3 Nf6 5. Nf3 Nbd7 6. Bd3 dxc4 7. Bxc4 b5 8. Bd3
b4 9. Ne2 Bb7 10. O-O Bd6 11. Ng3 O-O 12. e4 Bc7 13. e5 Nd5 14. Ng5 h6 15. Qh5
N7f6 16. exf6 Nxf6 17. Qh4 hxg5 18. Bxg5 Bxg3 19. fxg3 Re8 20. Rxf6 1-0

[Event "MARIENBAD OPEN 2019 - C - FIDE open"]
[Site "Polonia hotel, Marianske Lazne"]
[Date "2019.01.20"]
[Round "2"]
[White "Gnojek, Petr"]
[Black "Vantuch, Lucian"]
[Result "1-0"]
[WhiteElo "2086"]
[BlackElo "1883"]
[PlyCount "67"]
[EventDate "2019.01.19"]

1. d4 Nf6 2. c4 e6 3. Nf3 Bb4+ 4. Nbd2 b6 5. a3 Bxd2+ 6. Qxd2 Bb7 7. e3 O-O 8.
Be2 d6 9. O-O Nbd7 10. b4 Ne4 11. Qc2 f5 12. Bb2 Ng5 13. d5 Nxf3+ 14. Bxf3 e5
15. g3 e4 16. Bg2 Qe7 17. g4 Rae8 18. gxf5 Qg5 19. f4 exf3 20. Rxf3 Rxe3 21.
Qd2 Rfe8 22. Bd4 Re1+ 23. Qxe1 Rxe1+ 24. Rxe1 Qd2 25. Bc3 Qa2 26. Re7 Ne5 27.
Bxe5 dxe5 28. Rxc7 e4 29. Rg3 Qa1+ 30. Bf1 e3 31. Rgxg7+ Kf8 32. Rcf7+ Ke8 33.
Rxb7 Kf8 34. Rgc7 1-0

[Event "MARIENBAD OPEN 2019 - C - FIDE open"]
[Site "Polonia hotel, Marianske Lazne"]
[Date "2019.01.20"]
[Round "2"]
[White "Schoeppe, Christian"]
[Black "Shevtsov, Demyan"]
[Result "0-1"]
[WhiteElo "1544"]
[BlackElo "1131"]
[PlyCount "130"]
[EventDate "2019.01.19"]

1. f4 d5 2. Nf3 Nc6 3. c3 Nf6 4. d3 e6 5. e3 Bd6 6. Be2 O-O 7. a4 a5 8. Na3 Na7
9. O-O c5 10. c4 Bd7 11. Ne5 Re8 12. g4 h6 13. g5 hxg5 14. fxg5 Bxe5 15. gxf6
Bxf6 16. d4 cxd4 17. exd4 Bg5 18. c5 Bxc1 19. Rxc1 e5 20. Rc3 e4 21. Rg3 f5 22.
Qb3 Be6 23. Qe3 Rf8 24. Rf4 Rf7 25. Bh5 Rf8 26. Bg6 Rf6 27. h4 Bf7 28. h5 Bxg6
29. Rxg6 Rxg6+ 30. hxg6 Qf6 31. Nb5 Qxg6+ 32. Kf2 Nxb5 33. axb5 Qf6 34. Ke2 g5
35. Rf1 f4 36. Qc3 f3+ 37. Ke1 Re8 38. c6 bxc6 39. bxc6 Rc8 40. c7 Qd6 41. Rg1
Qe7 42. Qxa5 Rxc7 43. Qxd5+ Kf8 44. Rxg5 Qb4+ 45. Kd1 Qa4+ 46. Kd2 Qc2+ 47. Ke3
Qe2+ 48. Kf4 Rf7+ 49. Rf5 Qd2+ 50. Kxe4 Qe2+ 51. Kf4 Qd2+ 52. Kxf3 Qd3+ 53. Kg4
Qd1+ 54. Kf4 Qd2+ 55. Ke5 Qh2+ 56. Ke4 Qe2+ 57. Kf4 Qd2+ 58. Kg3 Qe1+ 59. Kg4
Qd1+ 60. Kh4 Qe1+ 61. Kg5 Qg3+ 62. Kh6 Qh4+ 63. Kg6 Qg4+ 64. Rg5 Rg7+ 65. Kh6
Qh4+ 0-1

[Event "MARIENBAD OPEN 2019 - C - FIDE open"]
[Site "Polonia hotel, Marianske Lazne"]
[Date "2019.01.20"]
[Round "2"]
[White "Horackova, Isabela"]
[Black "Kuttner, Jaromir"]
[Result "1-0"]
[WhiteElo "1127"]
[BlackElo "1504"]
[PlyCount "69"]
[EventDate "2019.01.19"]

1. d4 Nf6 2. e3 e6 3. Bd3 c5 4. b3 Nc6 5. Bb2 cxd4 6. exd4 d5 7. Nf3 Be7 8. O-O
O-O 9. Re1 Nb4 10. Be2 Qc7 11. c3 Nc6 12. Nbd2 Bd6 13. Ne5 Nxe5 14. dxe5 Bxe5
15. g3 Bd7 16. Rc1 Rac8 17. Ba1 b5 18. b4 Qb6 19. Nf1 Ne4 20. Ne3 Bxc3 21. Rf1
Bxa1 22. Rxa1 Rc7 23. Ng4 f6 24. Qd3 Rc3 25. Qd1 Rfc8 26. Kg2 d4 27. f3 Ng5 28.
h4 Nf7 29. Bd3 h5 30. Nf2 Ne5 31. Kh3 f5 32. f4 Ng4 33. Qe2 Bc6 34. Qxe6+ Kh7
35. Bxf5+ 1-0

[Event "MARIENBAD OPEN 2019 - D - Open Seniors"]
[Site "Polonia hotel, Marianske Lazne"]
[Date "2019.01.20"]
[Round "2"]
[White "Baum, Bernd"]
[Black "Panos, Jan"]
[Result "1-0"]
[WhiteElo "2204"]
[BlackElo "1846"]
[PlyCount "101"]
[EventDate "2019.01.19"]

1. c4 Nf6 2. g3 e6 3. Bg2 Be7 4. Nf3 c5 5. O-O Nc6 6. b3 b6 7. Bb2 Bb7 8. e3
O-O 9. Nc3 d5 10. cxd5 Nxd5 11. Nxd5 exd5 12. d4 Bf6 13. Qd2 Rc8 14. Rfd1 Ne7
15. Rac1 Re8 16. Ne1 h6 17. dxc5 Bxb2 18. Qxb2 Rxc5 19. Rxc5 bxc5 20. Nd3 Qb6
21. Rc1 c4 22. bxc4 Qxb2 23. Nxb2 Rc8 24. c5 Ba6 25. Bf1 Bxf1 26. Kxf1 Nc6 27.
Nd3 Rb8 28. Ke2 Kf8 29. Rc3 d4 30. Rb3 Re8 31. Rb7 dxe3 32. fxe3 Re7 33. Rxe7
Kxe7 34. Kd2 Ke6 35. e4 f5 36. exf5+ Kxf5 37. Ke3 g5 38. h3 h5 39. a3 Nd8 40.
Kd4 Ke6 41. Ke4 Nb7 42. h4 gxh4 43. gxh4 a6 44. Nf4+ Kd7 45. Kd5 Nd8 46. Nxh5
Nc6 47. Nf6+ Kc7 48. h5 Nd8 49. h6 a5 50. Ne8+ Kd7 51. Nd6 1-0

[Event "MARIENBAD OPEN 2019 - D - Open Seniors"]
[Site "Polonia hotel, Marianske Lazne"]
[Date "2019.01.20"]
[Round "2"]
[White "Becvar, Miroslav"]
[Black "Kozak, Milos"]
[Result "0-1"]
[WhiteElo "1869"]
[BlackElo "2203"]
[PlyCount "72"]
[EventDate "2019.01.19"]

1. e4 c6 2. d4 d5 3. exd5 cxd5 4. Bd3 Nc6 5. c3 Qc7 6. Nf3 Bg4 7. Nbd2 e6 8. h3
Bh5 9. O-O Bd6 10. Re1 Nge7 11. Nf1 O-O-O 12. Be2 f6 13. b4 Bf7 14. a4 g5 15.
a5 h5 16. N3h2 Rdg8 17. Qa4 Nd8 18. Be3 g4 19. h4 g3 20. Nf3 Rg7 21. N1d2 Rhg8
22. Bf1 gxf2+ 23. Bxf2 Bg3 24. Re2 Nf5 25. Qb5 Qxc3 26. Ree1 Bxf2+ 27. Kxf2 a6
28. Qb6 Qc7 29. Rac1 Nc6 30. Qc5 Nd6 31. Bxa6 Rxg2+ 32. Kf1 Rxd2 33. Nxd2 Nc4
34. Bxc4 Qf4+ 35. Ke2 Rg2+ 36. Kd3 Qxd2# 0-1

[Event "MARIENBAD OPEN 2019 - D - Open Seniors"]
[Site "Polonia hotel, Marianske Lazne"]
[Date "2019.01.20"]
[Round "2"]
[White "Van Kesteren, Stef"]
[Black "Schatz, Christian"]
[Result "1/2-1/2"]
[WhiteElo "1853"]
[BlackElo "2159"]
[PlyCount "42"]
[EventDate "2019.01.19"]

1. e4 c5 2. c3 Nf6 3. e5 Nd5 4. g3 d6 5. exd6 Qxd6 6. Bg2 Nc6 7. Ne2 e6 8. O-O
Be7 9. d4 cxd4 10. Nxd4 Nxd4 11. Qxd4 O-O 12. Bxd5 Bf6 13. Bf4 Qxd5 14. Qxd5
exd5 15. Rd1 Rd8 16. Nd2 Bf5 17. Nf3 Bg4 18. Kg2 d4 19. cxd4 Bxf3+ 20. Kxf3
Rxd4 21. Rxd4 Bxd4 1/2-1/2

[Event "MARIENBAD OPEN 2019 - D - Open Seniors"]
[Site "Polonia hotel, Marianske Lazne"]
[Date "2019.01.20"]
[Round "2"]
[White "Polich, Sergei"]
[Black "Aird, Ian"]
[Result "1-0"]
[WhiteElo "2112"]
[BlackElo "1830"]
[PlyCount "41"]
[EventDate "2019.01.19"]

1. c4 e6 2. Nc3 d5 3. d4 Nf6 4. Bg5 Be7 5. e3 O-O 6. Nf3 h6 7. Bh4 dxc4 8. Bxc4
c5 9. dxc5 Qxd1+ 10. Rxd1 Nbd7 11. c6 bxc6 12. O-O Rb8 13. b3 Bb7 14. Rxd7 Nxd7
15. Bxe7 Rfe8 16. Bd6 Rbc8 17. e4 Nb6 18. Be2 c5 19. Bb5 Bc6 20. Ba6 Rcd8 21.
Bxc5 1-0

[Event "MARIENBAD OPEN 2019 - D - Open Seniors"]
[Site "Polonia hotel, Marianske Lazne"]
[Date "2019.01.20"]
[Round "2"]
[White "Simecek, Jan"]
[Black "Paldus, Petr"]
[Result "1/2-1/2"]
[WhiteElo "1840"]
[BlackElo "2037"]
[PlyCount "89"]
[EventDate "2019.01.19"]

1. d4 d5 2. c4 dxc4 3. Nc3 e5 4. d5 c6 5. e4 b5 6. a3 a6 7. Nf3 Bg4 8. Be2 Bd6
9. dxc6 Nxc6 10. Nd5 Bxf3 11. Bxf3 Nd4 12. O-O Ne7 13. Bg5 O-O 14. Bg4 f6 15.
Be3 Nxd5 16. Bxd4 Nf4 17. Be3 Qe7 18. Bxf4 exf4 19. Qd5+ Kh8 20. Rfd1 Be5 21.
Qd2 Rad8 22. Qc2 Rxd1+ 23. Rxd1 Rd8 24. a4 Rxd1+ 25. Qxd1 Qd6 26. Qxd6 Bxd6 27.
Bd7 b4 28. Be6 c3 29. bxc3 bxc3 30. Bb3 g5 31. f3 Kg7 32. Kf2 Kh6 33. g4 fxg3+
34. hxg3 Kg6 35. g4 h5 36. gxh5+ Kxh5 37. Ke2 Kh4 38. Be6 Kg3 39. Bg4 f5 40.
exf5 Be5 41. Kd3 Kf4 42. Kc2 Ke3 43. Bh5 Bf6 44. Bg4 Kf4 45. Kd3 1/2-1/2

[Event "MARIENBAD OPEN 2019 - D - Open Seniors"]
[Site "Polonia hotel, Marianske Lazne"]
[Date "2019.01.20"]
[Round "2"]
[White "Truksa, Vaclav"]
[Black "Kucera, Jiri"]
[Result "1/2-1/2"]
[WhiteElo "1802"]
[BlackElo "1939"]
[PlyCount "148"]
[EventDate "2019.01.19"]

1. d4 Nf6 2. Nf3 g6 3. e3 Bg7 4. Bd3 d5 5. Nbd2 O-O 6. O-O b6 7. Re1 c5 8. c3
Bb7 9. e4 dxe4 10. Nxe4 cxd4 11. cxd4 Nc6 12. Nxf6+ Bxf6 13. Be4 Qd7 14. Bf4
Nb4 15. Bxb7 Qxb7 16. Qb3 Nd5 17. Bg5 Bg7 18. Rad1 Rac8 19. a4 a6 20. h3 Rc7
21. Bh4 Rfc8 22. Ne5 Rc2 23. Bg3 e6 24. Ng4 h5 25. Ne3 Nxe3 26. Rxe3 Rc1 27.
Red3 Rxd1+ 28. Rxd1 Rd8 29. Be5 Qd5 30. Qxd5 Rxd5 31. Rc1 Bxe5 32. dxe5 Rxe5
33. Rc6 Ra5 34. Rxb6 Rxa4 35. g3 a5 36. Ra6 Rb4 37. Rxa5 Rxb2 38. Ra7 Kg7 39.
Rc7 g5 40. Ra7 Kg6 41. Ra6 Rd2 42. Rb6 Kf5 43. Rb5+ Rd5 44. Rb7 f6 45. Rb4 e5
46. Ra4 Rd4 47. Ra3 e4 48. Ra5+ Kg6 49. Rb5 Rd1+ 50. Kg2 Rd2 51. Rb3 h4 52. g4
Rd3 53. Rb2 e3 54. fxe3 Rxe3 55. Ra2 Kf7 56. Ra6 Re7 57. Rb6 Re6 58. Rxe6 Kxe6
59. Kf3 Kd5 60. Ke3 Ke5 61. Kf3 Kd4 62. Kf2 Kd3 63. Kf3 Kd4 64. Kf2 Ke4 65. Ke2
Kf4 66. Kf2 f5 67. gxf5 Kxf5 68. Kf3 g4+ 69. hxg4+ Kg5 70. Kg2 Kxg4 71. Kh2 h3
72. Kh1 Kg3 73. Kg1 h2+ 74. Kh1 Kh3 1/2-1/2

[Event "MARIENBAD OPEN 2019 - D - Open Seniors"]
[Site "Polonia hotel, Marianske Lazne"]
[Date "2019.01.20"]
[Round "2"]
[White "Hrivnakova, Anna"]
[Black "Pokora, Lubomir"]
[Result "1/2-1/2"]
[WhiteElo "1540"]
[BlackElo "1885"]
[PlyCount "60"]
[EventDate "2019.01.19"]

1. d4 d5 2. c4 c6 3. Nc3 Nf6 4. Nf3 e6 5. Bg5 Be7 6. e3 Nbd7 7. Bd3 h6 8. Bh4
O-O 9. O-O Re8 10. Rc1 Nf8 11. cxd5 exd5 12. h3 N6d7 13. Bxe7 Qxe7 14. a3 a5
15. Re1 Nf6 16. Ne5 N8d7 17. Nf3 Ne4 18. Nd2 Nxd2 19. Qxd2 Qg5 20. Kh2 Nf6 21.
Qc2 b5 22. Ra1 Bd7 23. e4 Rac8 24. Re3 Nh5 25. Ne2 f5 26. e5 Nf4 27. Rg3 Qh4
28. Nxf4 Qxf4 29. Qc3 Re6 30. Kg1 g6 1/2-1/2

[Event "MARIENBAD OPEN 2019 - D - Open Seniors"]
[Site "Polonia hotel, Marianske Lazne"]
[Date "2019.01.20"]
[Round "2"]
[White "Bartos, Jan"]
[Black "Horyna, Josef"]
[Result "1-0"]
[WhiteElo "2178"]
[BlackElo "1710"]
[PlyCount "67"]
[EventDate "2019.01.19"]

1. d4 Nf6 2. c4 e6 3. Nf3 d5 4. g3 c6 5. Bg2 dxc4 6. Ne5 Bd6 7. Nxc4 Bc7 8. O-O
O-O 9. e4 b5 10. Ne3 Bb7 11. e5 Nd5 12. Nxd5 cxd5 13. Qg4 Kh8 14. Bg5 Qd7 15.
Re1 Nc6 16. Nc3 Nb4 17. Rad1 f6 18. exf6 gxf6 19. Bh6 f5 20. Qe2 Rf6 21. Bg5
Rg6 22. h4 a6 23. Bf3 Rxg5 24. hxg5 Rg8 25. Qxe6 Qxe6 26. Rxe6 Rxg5 27. Re8+
Rg8 28. Rxg8+ Kxg8 29. a3 Nc2 30. Bxd5+ Bxd5 31. Nxd5 Bd8 32. Rc1 Nxd4 33. Rc8
Ne6 34. Nf4 1-0

[Event "MARIENBAD OPEN 2019 - D - Open Seniors"]
[Site "Polonia hotel, Marianske Lazne"]
[Date "2019.01.20"]
[Round "2"]
[White "Stocek, Jiri"]
[Black "Chmelik, Jiri"]
[Result "0-1"]
[WhiteElo "1314"]
[BlackElo "1977"]
[PlyCount "86"]
[EventDate "2019.01.19"]

1. c4 Nf6 2. Nc3 e6 3. Nf3 Bb4 4. d4 b6 5. Bf4 Bb7 6. e3 O-O 7. Bd3 Ne4 8. Bxe4
Bxc3+ 9. bxc3 Bxe4 10. O-O d6 11. d5 e5 12. Bg3 Nd7 13. Nd2 Bd3 14. Re1 e4 15.
f3 Nc5 16. f4 Qc8 17. Qh5 f5 18. Bh4 Na4 19. Rac1 Nb2 20. Ra1 Nxc4 21. Nf1 Qb7
22. Ng3 Qxd5 23. Qg5 Qf7 24. Nh5 h6 25. Nf6+ Qxf6 26. Qg3 Qf7 27. a3 Kh7 28.
Qf2 Qh5 29. h3 g5 30. Bg3 Rf7 31. Bh2 Rg8 32. Kh1 Na5 33. Rg1 g4 34. Qg3 Rfg7
35. Qf2 g3 36. Bxg3 Rxg3 37. Kh2 Qh4 38. Qa2 Nc4 39. Rae1 Rxe3 40. Rxe3 Qxf4+
41. g3 Qxe3 42. Rg2 Ne5 43. Qe6 Nf3+ 0-1

[Event "MARIENBAD OPEN 2019 - D - Open Seniors"]
[Site "Polonia hotel, Marianske Lazne"]
[Date "2019.01.20"]
[Round "2"]
[White "Kapolka, Stefan"]
[Black "Chudek, Lubomir"]
[Result "0-1"]
[WhiteElo "1456"]
[BlackElo "1768"]
[PlyCount "105"]
[EventDate "2019.01.19"]

1. d4 Nf6 2. c4 g6 3. Nc3 Bg7 4. Nf3 O-O 5. e3 d6 6. Be2 b6 7. O-O Bb7 8. Bd3
Nbd7 9. e4 c5 10. d5 Ng4 11. h3 Nge5 12. Bf4 Ba6 13. Qe2 Nxf3+ 14. Qxf3 Ne5 15.
Qe2 Qd7 16. Rac1 h6 17. b3 Rae8 18. Qd2 Kh7 19. Ne2 Bc8 20. Bxe5 dxe5 21. Ng3
e6 22. Qc2 exd5 23. cxd5 Kh8 24. a4 a6 25. Rfd1 f5 26. exf5 gxf5 27. Bxf5 Rxf5
28. Nxf5 Qxf5 29. Qxf5 Bxf5 30. d6 Bd7 31. Rc2 e4 32. Kf1 Bd4 33. Rcd2 Re6 34.
Rxd4 cxd4 35. Rxd4 Kg7 36. Ke2 Kf6 37. Ke3 b5 38. a5 Re5 39. Rxe4 Rxe4+ 40.
Kxe4 Bc6+ 41. Kd4 Bxg2 42. h4 b4 43. Kc5 Ke6 44. f4 Kd7 45. f5 Bh3 46. f6 Be6
47. Kxb4 Kxd6 48. Kc3 Ke5 49. b4 Kxf6 50. Kd4 Bd7 51. Ke4 Kg6 52. Kf4 Kh5 53.
Kg3 0-1

[Event "MARIENBAD OPEN 2019 - A1 - GM"]
[Site "Polonia hotel, Marianske Lazne"]
[Date "2019.01.21"]
[Round "3"]
[White "Simek, Petr (86)"]
[Black "Ajay Krishna, S"]
[Result "1-0"]
[WhiteElo "2330"]
[BlackElo "2289"]
[EventDate "2019.01.19"]

1. d4  Nf6  2. c4  c5
3. d5  b5  4. cxb5
a6  5. bxa6  e6
6. Nc3  exd5  7. Nxd5  Nxa6
8. e4  Nxd5  9. Qxd5
Nc7  10. Qe5+  Ne6
11. Bc4  Be7  12. Ne2
O-O  13. O-O  Bb7
14. Rd1  Ra4  15. Bd5
Bf6  16. Qf5  Ba6
17. Nc3  Nd4  18. Qg4
Rb4  19. Rb1  Ne6
20. Be3  Qb8  21. Bb3
Be5  22. Nd5  Rb7
23. f4  Bd4  24. Bxd4
Nxd4  25. Ne7+  Kh8
26. Nf5  Nxf5  27. Qxf5
Rb6  28. Qxc5  Rf6
29. Rxd7  Rxf4  30. Qd6
Rxe4  31. Qxa6  Qe8
32. Rbd1  h5  33. R7d5
f5  34. Rd6  Qe5
35. Rh6+  1-0

[Event "MARIENBAD OPEN 2019 - A1 - GM"]
[Site "Polonia hotel, Marianske Lazne"]
[Date "2019.01.21"]
[Round "3"]
[White "Oboladze, Luka"]
[Black "Makarian, Rudik"]
[Result "0-1"]
[WhiteElo "2295"]
[BlackElo "2354"]
[EventDate "2019.01.19"]

1. d4  Nf6  2. c4  e6
3. Nf3  b6  4. g3
Bb7  5. Bg2  Be7
6. O-O  O-O  7. Re1
d5  8. cxd5  exd5
9. Nc3  Na6  10. Ne5
c5  11. Bf4  Ne4
12. Qa4  Qe8  13. Qxe8
Rfxe8  14. Nb5  cxd4
15. Nd3  Bf6  16. h4
Bc6  17. a4  Nec5
18. Bd6  Nxa4  19. Nc7
Nxc7  20. Bxc7  Rac8
21. Nb4  Rxc7  22. Nxc6
Rxc6  23. Rxa4  d3
24. Bxd5  d2  25. Rd1
Rc1  26. Bb3  Rxe2
27. Rxa7  h5  28. Bxf7+
Kh7  0-1

[Event "MARIENBAD OPEN 2019 - A1 - GM"]
[Site "Polonia hotel, Marianske Lazne"]
[Date "2019.01.21"]
[Round "3"]
[White "Voloshin, Leonid"]
[Black "Gumularz, Szymon"]
[Result "0-1"]
[WhiteElo "2381"]
[BlackElo "2475"]
[EventDate "2019.01.19"]

1. d4  Nf6  2. c4  g6
3. g3  Bg7  4. Bg2
O-O  5. Nc3  d6
6. Nf3  Nbd7  7. O-O  e5
8. Qc2  c6  9. e4
a6  10. h3  exd4
11. Nxd4  Ne5  12. b3 b5
13. Rd1  bxc4  14. bxc4
Qc7  15. c5  dxc5
16. Nde2  c4  17. Ba3
Re8  18. Qa4  Qa7
19. Bc1  Bf8  20. Be3
Bc5  21. Bxc5  Qxc5
22. Qc2  Rb8  23. Rab1
Rxb1  24. Nxb1  Nfd7
25. Nc1  h5  26. Kh2
Nd3  27. f4  h4
28. Nxd3  hxg3+  29. Kxg3  cxd3
30. Qxd3  Nf6  31. Bf3
Nh5+  32. Bxh5  Qxh5
33. Rh1  g5  34. Qf3
Qh4+  35. Kg2  gxf4
36. Rg1  Kh8  37. Kh2
Rxe4  38. Qg2  Re2
0-1

[Event "MARIENBAD OPEN 2019 - A2 - GM"]
[Site "Polonia hotel, Marianske Lazne"]
[Date "2019.01.21"]
[Round "3"]
[White "Liu, Guanchu"]
[Black "Vokac, Marek"]
[Result "1-0"]
[WhiteElo "2425"]
[BlackElo "2380"]
[EventDate "2019.01.19"]

1. e4  c5  2. Nc3  d6
3. f4  Nc6  4. Bb5
Bd7  5. Nf3  g6
6. O-O  Bg7  7. d3  e6
8. Bxc6  Bxc6  9. Qe1
Ne7  10. b3  O-O
11. Bb2  b5  12. Nd1
Bxb2  13. Nxb2  f6
14. Nd1  e5  15. fxe5
dxe5  16. Ne3  Qd6
17. Qg3  Bd7  18. h3
Rad8  19. Rf2  Rf7
20. Kh1  Rdf8  21. Rd1
Be6  22. Nh2  Rg7
23. Nhg4  Bxg4  24. Nxg4
h5  25. Ne3  f5
26. exf5  gxf5  27. Qf3  f4
28. Nf1  Rf5  29. c3
Qd5  30. Qe4  c4
31. Qxd5+  Nxd5  32. dxc4
Nxc3  33. Rd8+  Kh7
34. Ne3  Rff7  35. Nd5
Ne4  36. Rf3  bxc4
37. bxc4  Ng5  38. Rf1
f3  39. gxf3  Nxf3
40. Rd6  Rg6  41. c5
Rxd6  42. cxd6  Kg7
43. Ne7  Nd4  44. Rg1+
Kh7  45. Rg5  Rf2
46. Kg1  Rd2  47. Kf1
e4  48. Rxh5+  Kg7
49. Rd5  Kf7  50. Nc6
Rd1+  51. Kf2  e3+
52. Kxe3  Nc2+  53. Ke4
Re1+  54. Kf3  Ke6
55. d7  Re3+  56. Kf4
Kxd5  57. d8=Q+  Kxc6
58. Qc8+  Kd6  59. Qxc2
Rxh3  60. Qg6+  Kd5 61. Ke4+ 1-0

[Event "MARIENBAD OPEN 2019 - B1 - IM"]
[Site "Polonia hotel, Marianske Lazne"]
[Date "2019.01.21"]
[Round "3"]
[White "Mica, Marek"]
[Black "Sernecki, Franciszek"]
[Result "1/2-1/2"]
[WhiteElo "2212"]
[BlackElo "2278"]
[EventDate "2019.01.19"]

1. d4  Nf6  2. c4  e6
3. Nf3  d5  4. Nc3
Bb4  5. Qa4+  Nc6
6. e3  O-O  7. Bd2
dxc4  8. Bxc4  Bd6
9. Qc2  e5  10. d5
Ne7  11. e4  Bg4
12. Qd3  c6  13. h3
Bxf3  14. Qxf3  b5
15. Bb3  b4  16. Ne2
cxd5  17. Bxd5  Nexd5
18. exd5  Be7  19. Ng3
Qxd5  20. Nf5  Bc5
21. Qxd5  Nxd5  22. Rc1
Rac8  23. Ke2  Rfd8
24. Rhd1  Bf8  25. Rxc8
Rxc8  26. Bg5  Nb6
27. Ne7+  Bxe7  28. Bxe7
Rc2+  29. Kf3  f6
30. Bxb4  Rxb2  31. a3
Kf7  32. Rd8  Rb3+
33. Ke4  Rb2  34. Kf3
Rc2  35. h4  Rc8
36. Rd6  Rc7  37. Ba5
Ke7  38. Bb4  Kf7
39. Ba5  Rd7  40. Rc6
Nd5  41. Ke4  Ne7
42. Ra6  Rd4+  43. Kf3
Rf4+  44. Ke2  Rxh4
45. Bb4  Nf5  46. Rxa7+
Ke6  47. g3  Rh1
48. Kf3  Rd1  49. g4
Nh4+  50. Kg3  Rd3+
51. Kh2  Rd7  52. Rxd7
Kxd7  53. Bf8  g5
54. a4  Nf3+  55. Kg2
e4  56. a5  Kc6
57. Be7  Ne5  58. Bxf6 Nxg4  59.
Bxg5  Kb5  60. Kg3  Nxf2
1/2-1/2

[Event "MARIENBAD OPEN 2019 - B1 - IM"]
[Site "Polonia hotel, Marianske Lazne"]
[Date "2019.01.21"]
[Round "3"]
[White "Patil, Mitali"]
[Black "Voinikonis, Nikita"]
[Result "1-0"]
[WhiteElo "2062"]
[BlackElo "2163"]
[EventDate "2019.01.19"]

1. e4  g6  2. d4  Bg7
3. Nc3  d6  4. f4
e6  5. Nf3  Ne7
6. Be3  b6  7. Qd2  d5
8. e5  Qd7  9. Rg1
Ba6  10. O-O-O  Bxf1
11. Rdxf1  Nbc6  12. g4
Na5  13. Bf2  Nc4
14. Qd3  Bh6  15. Ng5
c5  16. h4  cxd4
17. Bxd4  Nc6  18. Kb1
O-O-O  19. Rh1  Qe7
20. a3  Bg7  21. Nb5 Nxd4
22. Nxd4  Kb7  23. Re1
h5  24. b3  Nxa3+
25. Kb2  hxg4  26. Ra1
Bf8  27. Ra2  b5
28. Nxb5  Nxb5  29. Qxb5+
Ka8  30. Rxa7+  Qxa7
31. Ra1  Be7  32. Qc6+
1-0

[Event "MARIENBAD OPEN 2019 - B1 - IM"]
[Site "Polonia hotel, Marianske Lazne"]
[Date "2019.01.21"]
[Round "3"]
[White "Florstedt, Johannes"]
[Black "Jasny, Stanislav"]
[Result "1/2-1/2"]
[WhiteElo "2320"]
[BlackElo "2365"]
[EventDate "2019.01.19"]

1. e4  c5  2. Nf3  d6
3. d4  cxd4  4. Nxd4
Nf6  5. Nc3  Nc6
6. f3  e6  7. Be3
Be7  8. Qd2  O-O
9. O-O-O  a6  10. g4
Nd7  11. h4  Nxd4
12. Bxd4  b5  13. g5
Qc7  14. a3  Ne5
15. Qg2  Nc6  16. Be3
b4  17. axb4  Nxb4
18. h5  Rb8  19. f4
f5  20. h6  g6
21. Qd2  fxe4  22. Qd4  Rf7
23. Qxe4  Bb7  24. Qxb4
Bxh1  25. Qd4  Bb7
26. Bc4  d5  27. Bb3
Bc6  28. Bd2  Ba8
29. Re1  Bc5  30. Qd3
Qd6  31. Ne2  Bb4
32. c3  Bc5  33. Bc2
Qb6  34. b4  Bf2
35. Rf1  Qa7  36. Qh3
1/2-1/2